[Event "BL 1718 FC Bayern München - SV Hockenh"]
[Site "?"]
[Date "2017.12.10"]
[Round "6.6"]
[White "Lindgren, Philip"]
[Black "Braun, Arik"]
[Result "0-1"]
[WhiteElo "2395"]
[BlackElo "2583"]
[PlyCount "88"]
[EventDate "2017.??.??"]

1. d4 Nf6 2. c4 e6 3. Nf3 d5 4. g3 Bb4+ 5. Bd2 Bd6 6. Nc3 O-O 7. Bg2 c6 8. O-O
Nbd7 9. b3 Re8 10. Qc2 dxc4 11. bxc4 e5 12. e3 Bc7 13. Rfe1 h6 14. h3 Qe7 15.
Bc1 Nb6 16. c5 Nc4 17. Rb1 e4 18. Nh2 Na5 19. Nf1 h5 20. Nd2 Bf5 21. f4 exf3
22. Qxf5 fxg2 23. Kxg2 Rad8 24. Nf3 b6 25. cxb6 Bxb6 26. e4 Nc4 27. e5 Nh7 28.
Qxh5 Ba5 29. Bg5 Qf8 30. Re4 g6 31. Qxh7+ Kxh7 32. Rh4+ Kg8 33. Ne4 f5 34. Nf6+
Kf7 35. Rb7+ Ke6 36. Bh6 Nxe5 37. dxe5 Qc5 38. Nxe8 Qc2+ 39. Kh1 Qd1+ 40. Ng1
Rxe8 41. Be3 Qd5+ 42. Kh2 Qxa2+ 43. Kh1 Qd5+ 44. Kh2 Bb6 0-1

[Event "BL 1718 FC Bayern München - SV Hockenh"]
[Site "?"]
[Date "2017.12.10"]
[Round "6.7"]
[White "Boguslawski, Oleg"]
[Black "Rafiee, Makan"]
[Result "0-1"]
[WhiteElo "2402"]
[BlackElo "2343"]
[PlyCount "100"]
[EventDate "2017.??.??"]

1. e4 e5 2. Nf3 Nc6 3. Bb5 a6 4. Ba4 Nf6 5. d3 b5 6. Bb3 Bc5 7. Nc3 h6 8. Nd5
d6 9. c3 Be6 10. O-O Bxd5 11. exd5 Ne7 12. d4 exd4 13. Nxd4 Qd7 14. Qf3 Bxd4
15. cxd4 Qf5 16. Qe2 Nfxd5 17. a4 b4 18. Bc4 a5 19. Bb5+ Kf8 20. Bd2 g6 21.
Rad1 Kg7 22. Bc1 c6 23. Bc4 Rae8 24. Rd3 Qf6 25. Qd1 Nf5 26. Rf3 Re4 27. Bd3
Rxd4 28. Qc2 Nde7 29. b3 Qh4 30. Bxf5 Nxf5 31. Qxc6 Qe4 32. Qb6 Rc8 33. Bb2 Rc5
34. Rxf5 gxf5 35. Rd1 Kh7 36. Bxd4 Qxd4 37. Rf1 Qd5 38. h3 Qxb3 39. Qxd6 Qd5
40. Qf6 Rc6 41. Qb2 Rg6 42. f4 Qd3 43. h4 Re6 44. Rf3 Qe2 45. Qd4 Qe1+ 46. Kh2
Qxh4+ 47. Rh3 Re4 48. Qd5 Qxf4+ 49. Rg3 Qh4+ 50. Rh3 Qf6 0-1

[Event "BL 1718 FC Bayern München - SV Hockenh"]
[Site "?"]
[Date "2017.12.10"]
[Round "6.8"]
[White "Gretz, Denis"]
[Black "Bodrozic, Tomislav"]
[Result "0-1"]
[WhiteElo "2300"]
[BlackElo "2356"]
[PlyCount "40"]
[EventDate "2017.??.??"]

1. e4 e6 2. d4 d5 3. Nc3 Nf6 4. e5 Nfd7 5. f4 c5 6. Nf3 Nc6 7. Be3 Be7 8. Qd2
O-O 9. dxc5 Nxc5 10. O-O-O Qa5 11. Kb1 Rd8 12. Qf2 Rb8 13. g4 Bd7 14. h4 Rdc8
15. f5 Na4 16. Nxa4 Qxa4 17. Bg5 Nb4 18. a3 Rxc2 19. Rd2 Rbc8 20. Rxc2 Rxc2 0-1

[Event "BL 1718 Schachfreunde Berlin - OSG Bade"]
[Site "?"]
[Date "2017.12.10"]
[Round "6.1"]
[White "Wojtaszek, Radoslaw"]
[Black "Piorun, Kacper"]
[Result "1/2-1/2"]
[WhiteElo "2736"]
[BlackElo "2651"]
[PlyCount "111"]
[EventDate "2017.??.??"]

1. Nf3 d5 2. d4 Nf6 3. c4 e6 4. g3 Bb4+ 5. Bd2 Bd6 6. Bg2 c6 7. O-O Nbd7 8. b3
Ne4 9. Bc1 O-O 10. Qc2 Qe7 11. Bb2 b6 12. Ne5 Bxe5 13. dxe5 Nec5 14. Nd2 a5 15.
a3 Bb7 16. f4 b5 17. Bd4 Rfc8 18. Qc3 Na6 19. cxb5 cxb5 20. Qe3 Nab8 21. Nf3
Nc6 22. Rfc1 b4 23. a4 Nxd4 24. Nxd4 Nc5 25. Nb5 Ne4 26. Bxe4 dxe4 27. Rxc8+
Rxc8 28. Nd6 Ra8 29. Rc1 Bd5 30. Nxe4 Bxe4 31. Qxe4 Qa7+ 32. Kg2 Rd8 33. Rc6 g6
34. Qc4 Rd2 35. Rd6 Qe3 36. Rxd2 Qxd2 37. Qd3 Qc3 38. g4 Kg7 39. Kf2 Qc1 40.
Qe3 Qh1 41. Kg3 Qe1+ 42. Kg2 Qc3 43. Kf2 Qc2 44. h4 Qb1 45. Qf3 Qd1 46. Qg3 Qc2
47. h5 Qc5+ 48. Kf1 Qd4 49. hxg6 hxg6 50. g5 Qd1+ 51. Kf2 Qd4+ 52. Qe3 Qd1 53.
Qd3 Qc1 54. Kf3 Qc5 55. Qe3 Qd5+ 56. Kg3 1/2-1/2

[Event "BL 1718 Schachfreunde Berlin - OSG Bade"]
[Site "?"]
[Date "2017.12.10"]
[Round "6.2"]
[White "Mista, Aleksander"]
[Black "Vallejo Pons, Francisco"]
[Result "0-1"]
[WhiteElo "2587"]
[BlackElo "2707"]
[PlyCount "56"]
[EventDate "2017.??.??"]

1. e4 e5 2. Nf3 Nc6 3. Bb5 a6 4. Ba4 b5 5. Bb3 Na5 6. d4 exd4 7. Qxd4 Bb7 8.
O-O d6 9. e5 c5 10. Qe3 d5 11. c3 Nxb3 12. axb3 Ne7 13. b4 d4 14. Qf4 Ng6 15.
Qg3 dxc3 16. bxc5 cxb2 17. Bxb2 Bxc5 18. Nbd2 O-O 19. h4 Qd3 20. h5 Ne7 21.
Rac1 Rac8 22. Qh4 Nf5 23. Qf4 Bb6 24. Ng5 Rxc1 25. Rxc1 Ng3 26. Kh2 Nxh5 27.
Qh4 Qxd2 28. Qxh5 h6 0-1

[Event "BL 1718 Schachfreunde Berlin - OSG Bade"]
[Site "?"]
[Date "2017.12.10"]
[Round "6.3"]
[White "Bacrot, Etienne"]
[Black "Tomczak, Jacek"]
[Result "1-0"]
[WhiteElo "2725"]
[BlackElo "2588"]
[PlyCount "77"]
[EventDate "2017.??.??"]

1. e4 e6 2. d4 d5 3. exd5 exd5 4. Nf3 Nf6 5. Bd3 Bd6 6. O-O O-O 7. h3 Re8 8.
Bg5 h6 9. Bh4 Nbd7 10. Nc3 c6 11. Qd2 Qc7 12. Rae1 b6 13. Ne5 Bb7 14. f4 a6 15.
g4 c5 16. g5 hxg5 17. fxg5 cxd4 18. gxf6 Bxe5 19. Rxe5 Qxe5 20. Qg2 Qe3+ 21.
Kh2 Qh6 22. Bg5 Qh8 23. Rf4 Nxf6 24. Rxf6 Kf8 25. Rxb6 dxc3 26. Rxb7 Qh5 27.
bxc3 Rac8 28. Qg4 Qxg4 29. hxg4 Rxc3 30. Bd2 Rc6 31. Kg3 Rce6 32. a4 g6 33. a5
Rc8 34. Kf4 Kg7 35. Be3 g5+ 36. Kf3 Kh6 37. Rxf7 Rxe3+ 38. Kxe3 d4+ 39. Kf3 1-0

[Event "BL 1718 Schachfreunde Berlin - OSG Bade"]
[Site "?"]
[Date "2017.12.10"]
[Round "6.4"]
[White "Schneider, Ilja"]
[Black "Naiditsch, Arkadij"]
[Result "1/2-1/2"]
[WhiteElo "2517"]
[BlackElo "2705"]
[PlyCount "64"]
[EventDate "2017.??.??"]

1. e4 e5 2. Nf3 Nc6 3. Nc3 Nf6 4. d4 exd4 5. Nxd4 Bb4 6. Nxc6 bxc6 7. Bd3 O-O
8. O-O Re8 9. Bg5 h6 10. Bh4 Rb8 11. Re1 Bd6 12. Rb1 g5 13. Bg3 Bxg3 14. hxg3
d5 15. exd5 cxd5 16. b3 Bd7 17. Qd2 c5 18. Rxe8+ Bxe8 19. Rd1 Bc6 20. a4 d4 21.
Nb5 Qd5 22. f3 Bxb5 23. axb5 Re8 24. Re1 Rxe1+ 25. Qxe1 Qd6 26. Bc4 Kf8 27. Qa5
Qe7 28. b6 axb6 29. Qxb6 Kg7 30. Kh2 g4 31. b4 Nd7 32. Qa7 gxf3 1/2-1/2

[Event "BL 1718 Schachfreunde Berlin - OSG Bade"]
[Site "?"]
[Date "2017.12.10"]
[Round "6.5"]
[White "Movsesian, Sergei"]
[Black "Jakubowski, Krzysztof"]
[Result "1/2-1/2"]
[WhiteElo "2647"]
[BlackElo "2526"]
[PlyCount "74"]
[EventDate "2017.??.??"]

1. e4 c5 2. Nf3 d6 3. d4 cxd4 4. Nxd4 Nf6 5. Nc3 a6 6. g3 Bd7 7. Bg2 Nc6 8. O-O
e6 9. a4 Be7 10. Nce2 Rc8 11. c4 h5 12. b3 h4 13. Qd2 hxg3 14. hxg3 Ne5 15. Ba3
g5 16. f3 Qb6 17. a5 Qa7 18. g4 Rxc4 19. bxc4 Nxc4 20. Qb4 Nxa3 21. Rxa3 d5 22.
Qb2 e5 23. Rb3 Bb5 24. Rf2 exd4 25. Nxd4 dxe4 26. Nxb5 axb5 27. Rxb5 Qe3 28.
Re5 Qe1+ 29. Bf1 e3 30. Re2 Rh1+ 31. Kxh1 Qxf1+ 32. Kh2 Nxg4+ 33. fxg4 Qf4+ 34.
Kg1 Qg3+ 35. Kf1 Qf3+ 36. Kg1 Qg3+ 37. Kf1 Qf3+ 1/2-1/2

[Event "BL 1718 Schachfreunde Berlin - OSG Bade"]
[Site "?"]
[Date "2017.12.10"]
[Round "6.6"]
[White "Schreiner, Peter"]
[Black "Shirov, Alexei"]
[Result "0-1"]
[WhiteElo "2457"]
[BlackElo "2631"]
[PlyCount "48"]
[EventDate "2017.??.??"]

1. d4 d5 2. c4 c6 3. Nf3 Nf6 4. Nc3 dxc4 5. a4 Bf5 6. Nh4 Bd7 7. e3 b5 8. Nf3
e6 9. Ne5 a5 10. Qf3 Ra7 11. g4 Bc8 12. Nxc6 Nxc6 13. Qxc6+ Rd7 14. Qxb5 Nxg4
15. Qh5 Nf6 16. Qe2 Bb7 17. Rg1 g6 18. Qxc4 Bb4 19. Qb3 O-O 20. Bb5 e5 21. dxe5
Ne4 22. e6 Qf6 23. exd7 Qxf2+ 24. Kd1 Nxc3+ 0-1

[Event "BL 1718 Schachfreunde Berlin - OSG Bade"]
[Site "?"]
[Date "2017.12.10"]
[Round "6.7"]
[White "Gustafsson, Jan"]
[Black "Baldauf, Marco"]
[Result "1-0"]
[WhiteElo "2638"]
[BlackElo "2498"]
[PlyCount "59"]
[EventDate "2017.??.??"]

1. Nf3 Nf6 2. c4 g6 3. Nc3 d5 4. cxd5 Nxd5 5. h4 Bg7 6. e4 Nxc3 7. dxc3 Qxd1+
8. Kxd1 Nd7 9. Nd4 Nc5 10. f3 h5 11. Bc4 Ne6 12. Nxe6 Bxe6 13. Bxe6 fxe6 14.
Ke2 O-O-O 15. Be3 e5 16. g4 Bf6 17. g5 Bg7 18. a4 a6 19. b4 Rd7 20. c4 Rhd8 21.
Ra3 c5 22. bxc5 Rc7 23. Rb3 Rc6 24. Rb6 Rd7 25. Rxc6+ bxc6 26. Rb1 Ra7 27. Rb6
Kc7 28. Bd2 a5 29. Bc3 Ra8 30. f4 1-0

[Event "BL 1718 Schachfreunde Berlin - OSG Bade"]
[Site "?"]
[Date "2017.12.10"]
[Round "6.8"]
[White "Lauber, Arnd"]
[Black "Martin, Julian"]
[Result "0-1"]
[WhiteElo "2432"]
[BlackElo "2429"]
[PlyCount "92"]
[EventDate "2017.??.??"]

1. d4 Nf6 2. c4 e6 3. Nc3 Bb4 4. e3 O-O 5. Bd3 d5 6. Nf3 c5 7. O-O Nc6 8. a3
Bxc3 9. bxc3 dxc4 10. Bxc4 Qc7 11. Bb2 e5 12. h3 b6 13. Qe2 e4 14. Nd2 Na5 15.
Ba2 c4 16. a4 Be6 17. Ba3 Rfc8 18. Bb4 Nb7 19. f3 Bd5 20. Bb1 Re8 21. fxe4 Nxe4
22. Bxe4 Bxe4 23. Nxc4 a5 24. Ba3 Bd5 25. Ne5 f6 26. Nd3 Rac8 27. Rfc1 Qd7 28.
Nf4 Bc4 29. Qf3 Nd8 30. e4 Nf7 31. Nh5 Ng5 32. Qxf6 Nxe4 33. Qf4 Bf7 34. Ng3
Nxc3 35. Kh2 Bg6 36. d5 Nxd5 37. Qd4 Qb7 38. Bb2 Ne3 39. Qd2 Rcd8 40. Qf2 Nxg2
41. Bxg7 Nh4 42. Bc3 Nf3+ 43. Kh1 Nd2+ 44. Kh2 Rf8 45. Qe2 Nf3+ 46. Kh1 Nd4+
0-1

[Event "BL 1718 USV Dresden - Speyer-Schwegenhe"]
[Site "?"]
[Date "2017.12.10"]
[Round "6.1"]
[White "Neiksans, Arturs"]
[Black "Eljanov, Pavel"]
[Result "1/2-1/2"]
[WhiteElo "2590"]
[BlackElo "2711"]
[PlyCount "127"]
[EventDate "2017.??.??"]

1. d4 Nf6 2. c4 e6 3. Nf3 d5 4. g3 Bb4+ 5. Bd2 Bd6 6. Bg2 c6 7. Nc3 Nbd7 8. b3
dxc4 9. bxc4 e5 10. e3 exd4 11. exd4 Qe7+ 12. Ne2 O-O 13. O-O Re8 14. Nc3 Nf8
15. Re1 Qd8 16. Rxe8 Qxe8 17. Qb3 Ne6 18. Re1 Qd8 19. Be3 h6 20. Rd1 Qc7 21.
Nd2 Ng4 22. Nce4 Nxe3 23. Qxe3 Bd7 24. Nxd6 Qxd6 25. Ne4 Qb4 26. d5 cxd5 27.
cxd5 Nf8 28. a3 Qa4 29. Rb1 Re8 30. Qd3 b6 31. Rb4 Qa5 32. h3 Rc8 33. Kh2 Rc1
34. Qe3 Rc2 35. Rd4 Ng6 36. Rd2 Rxd2 37. Nxd2 Qb5 38. Ne4 Qb2 39. Nd6 Qe5 40.
Qxe5 Nxe5 41. f4 Nd3 42. Nc4 f6 43. Be4 Nc5 44. Bg6 Kf8 45. Kg2 Ke7 46. h4 b5
47. Ne3 Na4 48. Kf2 Nc3 49. Bf5 Kd6 50. Bxd7 Kxd7 51. Nf5 a5 52. Ke3 Nb1 53.
Nxg7 Nxa3 54. Nf5 Nc4+ 55. Kd4 a4 56. Kc3 Nd6 57. Nxh6 Ne4+ 58. Kb4 Nxg3 59.
Ng4 Nh5 60. Ne3 Nxf4 61. Nc2 Kd6 62. Kxb5 Kxd5 63. Kxa4 Ke4 64. Kb3 1/2-1/2

[Event "BL 1718 USV Dresden - Speyer-Schwegenhe"]
[Site "?"]
[Date "2017.12.10"]
[Round "6.2"]
[White "Almasi, Zoltan"]
[Black "Kantans, Toms"]
[Result "1-0"]
[WhiteElo "2682"]
[BlackElo "2484"]
[PlyCount "67"]
[EventDate "2017.??.??"]

1. Nf3 Nf6 2. c4 g6 3. Nc3 d5 4. cxd5 Nxd5 5. e4 Nxc3 6. bxc3 Bg7 7. Ba3 O-O 8.
Be2 Nd7 9. d4 c5 10. O-O b6 11. Qc2 Bb7 12. Rad1 Rc8 13. d5 Re8 14. Nd2 c4 15.
Bxc4 a6 16. Bb2 b5 17. Be2 Qa5 18. Bg4 Red8 19. Rc1 Rc7 20. Bxd7 Rdxd7 21. c4
Qxa2 22. Bxg7 Qxc2 23. Rxc2 Kxg7 24. c5 e6 25. c6 Rd8 26. Nb3 Kf6 27. Rc5 Ba8
28. Ra1 Ke5 29. Rxa6 Kxe4 30. Rxa8 Rxa8 31. d6 Rca7 32. f3+ Ke3 33. Rc3+ Ke2
34. c7 1-0

[Event "BL 1718 USV Dresden - Speyer-Schwegenhe"]
[Site "?"]
[Date "2017.12.10"]
[Round "6.3"]
[White "Meskovs, Nikita"]
[Black "Nisipeanu, Liviu-Dieter"]
[Result "1/2-1/2"]
[WhiteElo "2538"]
[BlackElo "2671"]
[PlyCount "43"]
[EventDate "2017.??.??"]

1. d4 d5 2. c4 e6 3. Nf3 Nf6 4. g3 Be7 5. Bg2 O-O 6. O-O dxc4 7. Ne5 c5 8. Na3
cxd4 9. Naxc4 a5 10. Bd2 Nd5 11. Rc1 Nd7 12. Nxd7 Bxd7 13. Qb3 Bc6 14. Ne5 a4
15. Qc4 Nb6 16. Nxc6 Nxc4 17. Nxd8 Nxd2 18. Rfd1 Rfxd8 19. Rxd2 a3 20. bxa3
Rxa3 21. Rc7 Bf6 22. Rxb7 1/2-1/2

[Event "BL 1718 USV Dresden - Speyer-Schwegenhe"]
[Site "?"]
[Date "2017.12.10"]
[Round "6.4"]
[White "Bartel, Mateusz"]
[Black "Shytaj, Luca"]
[Result "1-0"]
[WhiteElo "2609"]
[BlackElo "2459"]
[PlyCount "65"]
[EventDate "2017.??.??"]

1. e4 c5 2. Nf3 d6 3. d4 cxd4 4. Nxd4 Nf6 5. Nc3 a6 6. g3 g6 7. Bg2 Bg7 8. O-O
O-O 9. h3 Nc6 10. Nde2 Nd7 11. a4 Rb8 12. Bg5 h6 13. Be3 b5 14. axb5 axb5 15.
Nd4 Nxd4 16. Bxd4 Ne5 17. Nd5 Be6 18. Nb4 Qc8 19. f4 Nc6 20. Nxc6 Qxc6 21. f5
Bxd4+ 22. Qxd4 Bc8 23. fxg6 f6 24. Ra7 Bb7 25. Qd5+ Kg7 26. Qxc6 Bxc6 27. Rxe7+
Kxg6 28. h4 h5 29. Bh3 Rf7 30. Bf5+ Kg7 31. Re6 Rd8 32. Rd1 Rfd7 33. e5 1-0

[Event "BL 1718 USV Dresden - Speyer-Schwegenhe"]
[Site "?"]
[Date "2017.12.10"]
[Round "6.5"]
[White "Yankelevich, Lev"]
[Black "Vogel, Roven"]
[Result "1-0"]
[WhiteElo "2435"]
[BlackElo "2463"]
[PlyCount "103"]
[EventDate "2017.??.??"]

1. d4 d5 2. c4 c6 3. cxd5 cxd5 4. Bg5 Nc6 5. Nc3 Qb6 6. Qd2 e6 7. e3 Nf6 8. Bd3
h6 9. Bxf6 gxf6 10. Nf3 Bd7 11. O-O O-O-O 12. Rfc1 Kb8 13. Na4 Qb4 14. Nc5 Qxd2
15. Nxd7+ Rxd7 16. Nxd2 Rc7 17. Bb5 Bb4 18. Nb3 Rhc8 19. Bxc6 Rxc6 20. Rxc6
Rxc6 21. Rc1 Rc4 22. a3 Bd6 23. Kf1 Kc7 24. Ke2 b5 25. g3 Kb6 26. Kd1 a5 27.
Nd2 Rxc1+ 28. Kxc1 a4 29. b4 axb3 30. Kb2 Kc6 31. Kxb3 Bf8 32. g4 Bd6 33. h3
Bh2 34. Nf3 Bd6 35. Nd2 Bh2 36. Nf3 Bd6 37. Ne1 Bh2 38. f4 Bg1 39. Ng2 Bh2 40.
h4 e5 41. h5 exf4 42. exf4 Kd7 43. g5 fxg5 44. fxg5 Bd6 45. gxh6 Bf8 46. h7 Bg7
47. Kb4 Kc6 48. Kc3 Kd6 49. Nf4 Bh8 50. Nd3 Ke7 51. Ne5 Kf8 52. h6 1-0

[Event "BL 1718 USV Dresden - Speyer-Schwegenhe"]
[Site "?"]
[Date "2017.12.10"]
[Round "6.6"]
[White "Moehn, Hans"]
[Black "Commercon, Simon"]
[Result "1-0"]
[WhiteElo "2376"]
[BlackElo "2269"]
[PlyCount "93"]
[EventDate "2017.??.??"]

1. Nf3 e6 2. c4 f5 3. g3 b6 4. Bg2 Bb7 5. O-O Nf6 6. d4 Be7 7. d5 O-O 8. Nd4
Bc5 9. Nc3 Qc8 10. b3 Re8 11. Bb2 Na6 12. Rc1 Bf8 13. a3 c5 14. Nf3 exd5 15.
cxd5 d6 16. Bh3 Nc7 17. e4 Nxe4 18. Nxe4 Rxe4 19. Ng5 Re7 20. Nxh7 g6 21. Nf6+
Kf7 22. g4 Re5 23. Bxe5 dxe5 24. g5 Bg7 25. Bg2 Bxf6 26. gxf6 Kxf6 27. b4 Nb5
28. bxc5 bxc5 29. Qa4 Nd4 30. Rfe1 Ba6 31. Qa5 Nb3 32. Qc3 Nxc1 33. Qxe5+ Kf7
34. Qe7+ Kg8 35. d6 Ne2+ 36. Rxe2 Bxe2 37. Bd5+ Kh8 38. Bxa8 Bb5 39. Qh4+ Kg7
40. Qe7+ Kh6 41. Bd5 Bd7 42. h4 f4 43. Bf7 Bf5 44. Qg5+ Kh7 45. Bxg6+ Bxg6 46.
Qe7+ Kh6 47. d7 1-0

[Event "BL 1718 USV Dresden - Speyer-Schwegenhe"]
[Site "?"]
[Date "2017.12.10"]
[Round "6.7"]
[White "Prestel, Oliver"]
[Black "Loxine, Jakov"]
[Result "1-0"]
[WhiteElo "2131"]
[BlackElo "2402"]
[PlyCount "67"]
[EventDate "2017.??.??"]

1. d4 Nf6 2. c4 e6 3. Nf3 Bb4+ 4. Nbd2 O-O 5. e3 b6 6. Bd3 Bb7 7. O-O c5 8. a3
Bxd2 9. Bxd2 d6 10. b4 Nbd7 11. Bc3 Qe7 12. Nd2 Rac8 13. dxc5 dxc5 14. b5 e5
15. Bf5 Rcd8 16. Qa4 Ra8 17. Qc2 g6 18. Bh3 Rfe8 19. f3 Nf8 20. Qb2 N6d7 21.
Rae1 Rad8 22. a4 Ne6 23. f4 f5 24. Nf3 exf4 25. exf4 Bxf3 26. Rxf3 Qf7 27. g4
Ndf8 28. gxf5 Nd4 29. Rfe3 Rxe3 30. Rxe3 Nxf5 31. Re4 Nd6 32. Re1 Nxc4 33. Qe2
Nd6 34. Qe5 1-0

[Event "BL 1718 USV Dresden - Speyer-Schwegenhe"]
[Site "?"]
[Date "2017.12.10"]
[Round "6.8"]
[White "Hoffmann, Paul"]
[Black "Mager, Denis"]
[Result "1/2-1/2"]
[WhiteElo "2382"]
[BlackElo "2280"]
[PlyCount "61"]
[EventDate "2017.??.??"]

1. e4 c5 2. Nf3 d6 3. Nc3 Nf6 4. g3 e5 5. Bg2 g6 6. O-O Bg7 7. d3 O-O 8. Nd2
Nc6 9. Nc4 Nd4 10. a4 Bg4 11. f3 Be6 12. f4 Bg4 13. Qd2 Ne8 14. f5 gxf5 15. h3
Bh5 16. exf5 f6 17. Bxb7 Rb8 18. Bd5+ Bf7 19. Qg2 Nc7 20. Rf2 Nxd5 21. Nxd5 Qd7
22. Nce3 Kh8 23. Qe4 Bg8 24. b3 Rbd8 25. Bd2 Qf7 26. Rb1 Bh6 27. c4 Qh5 28. Kg2
Bxd5 29. Nxd5 Bxd2 30. Rxd2 Qg5 31. Rf2 1/2-1/2

[Event "BL 1718 SG Solingen - SK Norderstedt"]
[Site "Hamburg"]
[Date "2017.12.10"]
[Round "6.1"]
[White "Kopylov, Michael"]
[Black "Rapport, Richard"]
[Result "0-1"]
[WhiteElo "2414"]
[BlackElo "2707"]
[PlyCount "74"]
[EventDate "2017.??.??"]

1. d4 e6 2. c4 c5 3. d5 exd5 4. cxd5 d6 5. Nc3 g6 6. Nf3 a6 7. a4 Bg7 8. g3 Nh6
9. Nd2 f5 10. Nc4 Nf7 11. a5 Nd7 12. Bg2 O-O 13. O-O Rb8 14. Qc2 Nde5 15. Ne3
h5 16. f4 Ng4 17. Nc4 h4 18. Qd3 Bd7 19. h3 Nf6 20. Nb6 hxg3 21. Qxg3 Kh7 22.
e4 Nh5 23. Qd3 Nh6 24. e5 dxe5 25. fxe5 Re8 26. Qe3 f4 27. Qxc5 Bxe5 28. d6 Bc6
29. d7 Qg5 30. Ncd5 Re6 31. Qf2 Nf5 32. Rd1 Nh4 33. Ra3 Bd6 34. Nxf4 Bc5 35.
Be3 Nf3+ 36. Qxf3 Bxf3 37. Bxc5 Nxf4 0-1

[Event "BL 1718 SG Solingen - SK Norderstedt"]
[Site "Hamburg"]
[Date "2017.12.10"]
[Round "6.2"]
[White "Ragger, Markus"]
[Black "Krause, Benedict"]
[Result "1-0"]
[WhiteElo "2657"]
[BlackElo "2455"]
[PlyCount "93"]
[EventDate "2017.??.??"]

1. e4 c6 2. d4 d5 3. exd5 cxd5 4. Bd3 Nc6 5. c3 Qc7 6. Ne2 Bg4 7. O-O e6 8. Qe1
Bd6 9. f3 Bh5 10. Qh4 Bg6 11. Bxg6 fxg6 12. Bf4 Nge7 13. Na3 a6 14. Bxd6 Qxd6
15. Qg3 Nf5 16. Qxd6 Nxd6 17. Nf4 Kf7 18. Rfe1 Rhe8 19. Re2 Re7 20. Kf2 g5 21.
Nd3 Rae8 22. Nc2 e5 23. dxe5 Nxe5 24. Nxe5+ Rxe5 25. Rxe5 Rxe5 26. Rd1 Nf5 27.
Nb4 Ne7 28. Rd2 Rf5 29. g4 Re5 30. Nd3 Re6 31. Nc5 Rh6 32. Ke3 b5 33. Kd4 Rd6
34. Nd3 Rf6 35. Re2 Rd6 36. Nb4 Rd7 37. Nxa6 Ng6 38. Kc5 Nf4 39. Rd2 d4 40.
cxd4 Ne6+ 41. Kxb5 Rxd4 42. Rxd4 Nxd4+ 43. Kb6 Nxf3 44. a4 Nxh2 45. a5 h5 46.
Nc5 hxg4 47. Ne4 1-0

[Event "BL 1718 SG Solingen - SK Norderstedt"]
[Site "Hamburg"]
[Date "2017.12.10"]
[Round "6.3"]
[White "Parvanyan, Ashot"]
[Black "Van Wely, Loek"]
[Result "1/2-1/2"]
[WhiteElo "2376"]
[BlackElo "2657"]
[PlyCount "68"]
[EventDate "2017.??.??"]

1. Nf3 d5 2. g3 c6 3. Bg2 Bg4 4. c4 e6 5. O-O Nd7 6. cxd5 exd5 7. d3 Ngf6 8.
Nc3 Bd6 9. Qc2 O-O 10. e4 dxe4 11. dxe4 Re8 12. Be3 Ne5 13. Nxe5 Bxe5 14. Na4
Qc8 15. f4 Bc7 16. Rae1 Bh3 17. Bd4 Bxg2 18. Kxg2 Qd8 19. Bxf6 gxf6 20. Nc5 Bb6
21. Na4 Qd4 22. Nc3 Rad8 23. Rd1 Qc4 24. Qb3 Qxb3 25. axb3 Bd4 26. Kf3 b5 27.
Rfe1 a5 28. Nd5 Bxb2 29. Ne7+ Kg7 30. Rxd8 Rxd8 31. Nxc6 Ra8 32. Rb1 f5 33. e5
f6 34. b4 fxe5 1/2-1/2

[Event "BL 1718 SG Solingen - SK Norderstedt"]
[Site "Hamburg"]
[Date "2017.12.10"]
[Round "6.4"]
[White "Bok, Benjamin"]
[Black "Powierski, Emil"]
[Result "1-0"]
[WhiteElo "2601"]
[BlackElo "2321"]
[PlyCount "47"]
[EventDate "2017.??.??"]

1. Nf3 c5 2. c4 Nf6 3. Nc3 Nc6 4. g3 g6 5. Bg2 Bg7 6. d4 cxd4 7. Nxd4 O-O 8.
O-O Qa5 9. e3 d6 10. Bd2 Bg4 11. Qe1 Qh5 12. f3 Bd7 13. b3 Qc5 14. Na4 Qe5 15.
Bc3 Nxd4 16. Bxd4 Qe6 17. Nc3 d5 18. c5 b6 19. cxb6 axb6 20. a4 Rac8 21. Bxf6
Rxc3 22. Qxc3 d4 23. b4 h5 24. h4 {Kg2 Kg7 a5 Rh8 Rc2} 1-0

[Event "BL 1718 SG Solingen - SK Norderstedt"]
[Site "Hamburg"]
[Date "2017.12.10"]
[Round "6.5"]
[White "Meyer, Falko"]
[Black "Predojevic, Borki"]
[Result "0-1"]
[WhiteElo "2216"]
[BlackElo "2625"]
[PlyCount "56"]
[EventDate "2017.??.??"]

1. d4 Nf6 2. Nf3 e6 3. g3 d5 4. Bg2 Be7 5. O-O O-O 6. c4 c6 7. Nbd2 b6 8. Qc2
Bb7 9. Rd1 Na6 10. a3 c5 11. Ne5 Qc7 12. cxd5 Nxd5 13. Nef3 Rac8 14. e4 cxd4
15. Qxc7 Ndxc7 16. Nxd4 Rfd8 17. N4b3 Bc6 18. Re1 Ba4 19. Rb1 Nb8 20. Na1 Nc6
21. Nf3 Nb5 22. Be3 Nbd4 23. Rbc1 Nxf3+ 24. Bxf3 Bf6 25. b3 Bb5 26. a4 Ne5 27.
Kg2 Nd3 28. axb5 Rxc1 0-1

[Event "BL 1718 SG Solingen - SK Norderstedt"]
[Site "Hamburg"]
[Date "2017.12.10"]
[Round "6.6"]
[White "Andersen, Mads"]
[Black "Polischuk, Viktor"]
[Result "1-0"]
[WhiteElo "2598"]
[BlackElo "2292"]
[PlyCount "73"]
[EventDate "2017.??.??"]

1. d4 Nf6 2. c4 c5 3. d5 b5 4. Qc2 bxc4 5. e4 d6 6. Bxc4 g6 7. Nf3 Bg7 8. O-O
O-O 9. Nc3 Nbd7 10. h3 Nb6 11. Be2 a5 12. a4 Nfd7 13. Re1 Ba6 14. Nb5 Bxb5 15.
Bxb5 Qc7 16. Bg5 Ne5 17. Nd2 h6 18. Be3 c4 19. Ra3 Rfc8 20. Bd4 Rab8 21. Qc3
Nd3 22. Bxg7 Nxe1 23. Bxh6 f6 24. Qg3 Kh7 25. Qh4 Nd3 26. Be3+ Kg8 27. Qh6 g5
28. Qg6+ Kh8 29. Nf3 Qd8 30. Nxg5 fxg5 31. Qh6+ Kg8 32. Qxg5+ Kh7 33. Qh6+ Kg8
34. Qg6+ Kh8 35. Bd4+ e5 36. dxe6+ Ne5 37. Qh6+ 1-0

[Event "BL 1718 SG Solingen - SK Norderstedt"]
[Site "Hamburg"]
[Date "2017.12.10"]
[Round "6.7"]
[White "Kahlert, Thomas"]
[Black "Nikolic, Predrag"]
[Result "1/2-1/2"]
[WhiteElo "2205"]
[BlackElo "2590"]
[PlyCount "60"]
[EventDate "2017.??.??"]

1. c4 Nf6 2. Nc3 e6 3. e4 d5 4. e5 Ne4 5. Nf3 b6 6. cxd5 Nxc3 7. dxc3 Qxd5 8.
Qxd5 exd5 9. Bf4 Be6 10. Nd4 a6 11. c4 Bb4+ 12. Bd2 Bxd2+ 13. Kxd2 c5 14. Nxe6
fxe6 15. g3 dxc4 16. Bxc4 Ke7 17. Bd3 Nc6 18. f4 h6 19. h4 Rad8 20. Ke3 Nb4 21.
Be4 Rd4 22. a3 Nd5+ 23. Kf3 Rd8 24. Rhd1 Nc7 25. Rxd4 Rxd4 26. Rc1 a5 27. Rc3
Rd2 28. Rc2 Rd1 29. Ke2 Rd4 30. Bc6 h5 1/2-1/2

[Event "BL 1718 SG Solingen - SK Norderstedt"]
[Site "Hamburg"]
[Date "2017.12.10"]
[Round "6.8"]
[White "Naumann, Alexander"]
[Black "Michna, Christian"]
[Result "1-0"]
[WhiteElo "2564"]
[BlackElo "2259"]
[PlyCount "85"]
[EventDate "2017.??.??"]

1. e4 c5 2. Nf3 e6 3. d4 cxd4 4. Nxd4 Nf6 5. Nc3 Nc6 6. Ndb5 Bb4 7. a3 Bxc3+ 8.
Nxc3 d5 9. exd5 exd5 10. Bd3 h6 11. O-O O-O 12. Bf4 d4 13. Nb5 Nd5 14. Bg3 Be6
15. Re1 Qd7 16. Nd6 Rad8 17. Qf3 Qe7 18. Nc4 Rfe8 19. Re2 Qd7 20. Rae1 Nde7 21.
Nd6 Rf8 22. h3 Bd5 23. Qh5 f5 24. Bh4 Qxd6 25. Bxe7 Nxe7 26. Rxe7 Qc6 27. Bxf5
Qf6 28. Qg6 Qxg6 29. Bxg6 Rd6 30. Bd3 Rc8 31. Re8+ Rxe8 32. Rxe8+ Kf7 33. Re5
Kf6 34. Rf5+ Ke6 35. f4 Rb6 36. b3 Rc6 37. Re5+ Kd6 38. Re2 a5 39. a4 Kc5 40.
Re7 Rf6 41. f5 Rf7 42. Re5 Kd6 43. Rxd5+ 1-0

[Event "BL 1718 DJK Aachen - Hamburger SK"]
[Site "Hamburg"]
[Date "2017.12.10"]
[Round "6.1"]
[White "Svane, Rasmus"]
[Black "van Foreest, Jorden"]
[Result "0-1"]
[WhiteElo "2597"]
[BlackElo "2629"]
[PlyCount "108"]
[EventDate "2017.??.??"]

1. d4 d5 2. Nf3 Nf6 3. c4 c6 4. Nbd2 Bf5 5. Nh4 Be6 6. e3 g6 7. b3 Bg7 8. Bb2
O-O 9. Be2 Ne4 10. O-O c5 11. Nxe4 dxe4 12. Qc2 f5 13. d5 Bxb2 14. Qxb2 Bc8 15.
g3 Qd6 16. f3 g5 17. Ng2 exf3 18. Bxf3 Nd7 19. e4 Ne5 20. Be2 fxe4 21. Rxf8+
Kxf8 22. Rf1+ Kg8 23. Qd2 Qg6 24. h4 Bh3 25. Qxg5 Qxg5 26. hxg5 Nf7 27. g4 Bxg2
28. Kxg2 Nxg5 29. Rf5 h6 30. Bd1 Rd8 31. Re5 e6 32. Bc2 exd5 33. cxd5 Kf7 34.
Kg3 Re8 35. Rf5+ Kg7 36. d6 b6 37. Rd5 Kf6 38. Kf4 Rg8 39. d7 Ke7 40. Bxe4 Nxe4
41. Kxe4 Rxg4+ 42. Kf3 Rg8 43. a4 Rd8 44. Rh5 Kxd7 45. Rxh6 Kc7 46. Ke2 Kb7 47.
Rh7+ Ka6 48. Rh3 Ka5 49. Rh7 Kb4 50. Rxa7 Kxb3 51. Ke3 c4 52. Rc7 c3 53. Rc6 c2
54. Rxb6+ Kxa4 0-1